000 00273nam a22001337a 4500
008 170424b xxu||||| |||| 00| 0 eng d
020 _a0824760549
041 _aeng
080 _a54
100 _a12
101 _aSHM
245 _aAMMONIA
_cSLACK, A.V
942 _2udc
_cBK
999 _c11776
_d11776